书目信息 |
| 题名: |
休息的革命
|
|
| 作者: | 王宏甲 , 刘建 著 | |
| 分册: | ||
| 出版信息: | 北京 中国旅游出版社 2009.01 |
|
| 页数: | 396页 | |
| 开本: | 24cm | |
| 丛书名: | ||
| 单 册: | ||
| 中图分类: | I253.9 , F592 | |
| 科图分类: | ||
| 主题词: | 报告文学--中国--现代 , 旅游--中国 , 报告文学 , 旅游 | |
| 电子资源: | ||
| ISBN: | 978-7-5032-3607-5 | |
| 000 | 00976nam0 2200301 450 | |
| 001 | 012004308565 | |
| 005 | 20091207100134.05 | |
| 010 | @a978-7-5032-3607-5@dCNY26.00 | |
| 100 | @a20090218d2009 em y0chiy0110 ea | |
| 101 | 0 | @achi |
| 102 | @aCN@b110000 | |
| 105 | @af z 000zy | |
| 106 | @ar | |
| 200 | 1 | @a休息的革命@9xiu xi de ge ming@e中国旅游读本@f王宏甲,刘建著 |
| 210 | @a北京@c中国旅游出版社@d2009.01 | |
| 215 | @a396页@c照片@d24cm | |
| 330 | @a本书主要探寻与描述了改革开放三十年中国旅游业的蓬勃发展、旅游业带动的多领域连锁运转、旅游对塑造人生,提升每个人的生活质量乃至生命质量具有举足轻重的作用三大方面。 | |
| 517 | 1 | @a中国旅游读本@9zhong guo lu^ you du ben |
| 606 | 0 | @a报告文学@y中国@z现代 |
| 606 | 0 | @a旅游@y中国 |
| 606 | 0 | @a报告文学 |
| 606 | 0 | @a旅游 |
| 690 | @aI253.9@v4 | |
| 690 | @aF592@v4 | |
| 701 | 0 | @a王宏甲@9wang hong jia@4著 |
| 701 | 0 | @a刘建@9liu jian@4著 |
| 801 | 0 | @aCN@bNLC@c20091207 |
| 905 | @b20796820-25@dI253.9@e775@f6 | |
| 休息的革命:中国旅游读本/王宏甲,刘建著.-北京:中国旅游出版社,2009.01 |
| 396页:照片;24cm |
| ISBN 978-7-5032-3607-5:CNY26.00 |
| 本书主要探寻与描述了改革开放三十年中国旅游业的蓬勃发展、旅游业带动的多领域连锁运转、旅游对塑造人生,提升每个人的生活质量乃至生命质量具有举足轻重的作用三大方面。 |
| ● |
| 相关链接 |
|
|
|
|
正题名:休息的革命
索取号:I253.9/775
 
预约/预借
| 序号 | 登录号 | 条形码 | 馆藏地/架位号 | 状态 | 备注 |
| 1 | 796820 | 207968207 | 第一样本阅览室/ [索取号:I253.9/775] | 在馆 | |
| 2 | 796821 | 207968216 | 第二借阅区/ [索取号:I253.9/775] | 在馆 | |
| 3 | 796822 | 207968225 | 第二借阅区/ [索取号:I253.9/775] | 在馆 | |
| 4 | 796823 | 207968234 | 第二借阅区/ [索取号:I253.9/775] | 在馆 | |
| 5 | 796824 | 207968243 | 第二借阅区/ [索取号:I253.9/775] | 在馆 | |
| 6 | 796825 | 207968252 | 密集书库-资源管理系/ [索取号:I253.9/775] | 在馆 |